[Event "V Copa Marcel Duchamp 2022"]
[Site "Montevideo"]
[Date "2022.02.14"]
[Round "4.13"]
[White "Hoffman, Alejandro"]
[Black "Durante, Aurelio"]
[Result "1-0"]
[WhiteElo "2403"]
[BlackElo "1944"]
[Annotator "TA"]
[PlyCount "103"]
[EventDate "2022.02.12"]
[EventCountry "URU"]
[SourceTitle "playchess.com"]
[Source "ChessBase"]
[SourceQuality "1"]

{[%evp 11,103,10,12,19,0,7,31,21,25,33,43,43,39,0,17,8,11,7,27,34,35,60,91,37,28,21,29,14,39,8,77,39,39,20,18,0,0,0,0,0,0,0,1,5,35,19,17,10,10,13,28,0,14,0,27,6,16,8,10,12,62,39,47,49,60,41,72,72,67,66,92,44,197,197,193,178,161,161,462,398,327,256,1310,1322,29976,29977,29977,29977,29975,29977,29980,29981,29982,29979]} 1. d4 Nf6 2. c4 e6 3. Nc3 Bb4 4. e3 b6 5. Nge2 Ne4 6. Qc2 Bb7 (6... Qh4 $2 7. g3 Nxg3 8. fxg3 $18) 7. Ng3 {E44: Nimzo-Indian: Rubinstein: 4...b6 5 Ne2.} Qh4 8. Bd3 {[%cal Rd3e4]} f5 9. O-O {[%cal Rc3e4] White is slightly better.} Bxc3 {[#]} 10. Bxe4 $146 ({Predecessor:} 10. bxc3 O-O 11. Ne2 Rf6 12. Bxe4 Bxe4 13. Qd1 Bf3 {0-1 (13) Bareev,E (2560)-Zsinka,L (2420) Naestved 1988}) 10... fxe4 11. Qxc3 O-O 12. d5 exd5 13. cxd5 Bxd5 14. Qxc7 Bc6 15. Qd6 Na6 16. b4 {[%cal Ob4b5]} Rae8 17. Bb2 (17. a4 $1 $16 {b5 is the strong threat.} Re6 18. Qd4) 17... Qe7 $14 18. Qxe7 Rxe7 19. Bc3 Ref7 20. Rfb1 Nc7 (20... Rxf2 $2 21. b5 $16) (20... Bb5 $11 {remains equal.}) 21. Rb2 (21. Be5 $5 {[%cal Re5c7]} Ne8 22. Rb2 $14 (22. b5 Bb7 $16)) 21... Nb5 22. Be1 Na3 23. b5 Nxb5 24. Nxe4 Bxe4 25. Rxb5 Rf5 26. Rb4 Bc6 27. f3 b5 28. e4 Rc5 29. Rb2 {aiming for Bb4.} Rc4 30. Rd1 Re8 31. Bg3 a5 32. Bd6 Re6 33. Kf2 Kf7 34. Bc7 a4 35. Bd6 g6 (35... Rf6 $11) 36. a3 Rc3 37. Bb4 Rc4 38. Rbd2 Ke8 39. h4 Rf6 40. Kg3 h6 41. h5 {White is more active.} (41. Rd6 $16 Kf7 42. R6d3) 41... g5 $2 {[#] This costs Black the game.} (41... gxh5 $14 42. Rd6 Re6) 42. Rd6 $1 $18 Kf7 {[#]} 43. Rxf6+ $1 Kxf6 {[%mdl 4096] Endgame KRB-KRB} 44. Rd6+ Kf7 $2 (44... Ke5) 45. Kg4 Kg7 46. Kf5 {Hoping for Rg6+.} Kf7 (46... Kh7 47. Rf6 Bb7 48. Rf7+ Kg8) 47. Rxh6 {White threatens Rf6+ and mate.} Rxb4 48. axb4 {White mates.} a3 49. Rd6 a2 50. Rd1 d5 51. Ra1 dxe4 52. Rxa2 {Weighted Error Value: White=0.13 (very precise) /Black=0.40} 1-0

[Event "V Copa Marcel Duchamp 2022"]
[Site "Montevideo"]
[Date "2022.02.14"]
[Round "4.14"]
[White "Vazquez, Facundo"]
[Black "Salguero, Rafael"]
[Result "1-0"]
[WhiteElo "2319"]
[BlackElo "1948"]
[Annotator "TA"]
[PlyCount "83"]
[EventDate "2022.02.12"]
[EventCountry "URU"]
[SourceTitle "playchess.com"]
[Source "ChessBase"]
[SourceQuality "1"]

{[%evp 12,83,31,31,33,23,52,47,54,48,53,38,40,48,48,49,39,39,41,11,22,0,0,0,0,0,32,0,0,0,16,-5,0,0,40,39,40,0,0,6,6,0,113,112,141,139,134,0,0,0,125,112,188,195,204,170,187,180,170,82,70,70,77,15,410,404,395,341,336,325,29997,29998,29998,29999]} 1. d4 e6 2. c4 Nf6 3. Nf3 Bb4+ 4. Bd2 Bxd2+ 5. Qxd2 O-O 6. Nc3 d6 7. g3 Nc6 {E11: Bogo-Indian.} 8. Rd1 {was the old line (8.Bg2).} Qe7 9. Bg2 e5 {White is slightly better.} 10. O-O Bg4 11. d5 {[#]} Bxf3 $146 ({Predecessor:} 11... Nb8 12. Nh4 a5 13. Rde1 Na6 14. e4 Rae8 15. Nb5 b6 16. b3 Bd7 17. a3 Nc5 {½-½ (30) Miton,K (2605)-Gazik,V (2485) Slovakia 2018}) 12. exf3 Nb8 13. b4 Nbd7 14. Rfe1 Qd8 15. Ne2 {[%cal Bc3e2,Be2c1,Bc1b3][%mdl 32]} b6 16. Nc1 a5 17. a3 axb4 18. axb4 Ra1 19. Nb3 (19. Ne2 $5 {[%cal Rd1a1]} Rxd1 20. Rxd1 $14) 19... Rxd1 20. Rxd1 Qb8 21. Ra1 Qb7 22. Qa2 Rb8 23. Qa7 Kf8 24. f4 {Threatens to win with Qxb7.} Qxa7 25. Rxa7 exf4 26. gxf4 Rc8 (26... Re8 $11 {remains equal.}) 27. Nd4 $1 $16 Nh5 28. Bh3 $36 {[%mdl 2048] White has strong initiative.} Ke8 29. Ne2 (29. Ra3 $16 {Re3+ is the strong threat.} Nhf6 30. Kg2) 29... g6 $11 30. Bg4 Ng7 (30... Nhf6 $1 $11 31. Bh3 Nh5) 31. Nd4 $16 f5 {[#]} (31... Ke7 $16 {is a better defense.} 32. Kg2 (32. Nc6+ Ke8 $16) 32... Kd8) 32. Bd1 $1 $18 Nf6 33. Ba4+ Kf7 34. Bb5 Nfh5 {[#]} 35. Bd7 (35. Ne2 $1 $18) 35... Rd8 $16 36. Rxc7 {Black must now prevent Ne6. White is much more active.} Kf6 37. Be6 ({White should try} 37. Ra7 $16) 37... Nxf4 {[%mdl 8192] A mistake that costs the game.} (37... Rf8 $1 $11) 38. Rf7+ $18 Kg5 {[%cal Od8a8]} 39. Rxg7 Ra8 {[%cal Ra8a1]} 40. h4+ Kg4 $2 (40... Kxh4 $18 41. Bxf5 gxf5 42. Nxf5+ Kh5 43. Nxd6 Ra1+ 44. Kh2 Nd3) 41. Bxf5+ Kxh4 42. Nf3+ {Weighted Error Value: White=0.16 (very precise) /Black=0.52} 1-0

[Event "V Copa Marcel Duchamp 2022"]
[Site "Montevideo"]
[Date "2022.02.14"]
[Round "4.21"]
[White "Kulik, Nicolas"]
[Black "Carvalho, Guillermo"]
[Result "0-1"]
[WhiteElo "1775"]
[BlackElo "2171"]
[Annotator "TA"]
[PlyCount "76"]
[EventDate "2022.02.12"]
[EventCountry "URU"]
[SourceTitle "playchess.com"]
[Source "ChessBase"]
[SourceQuality "1"]

{[%evp 22,76,51,23,24,0,50,43,36,0,-22,-183,-175,-184,-185,-164,-167,-164,-171,-173,-183,-174,-179,-211,-131,-130,-135,-186,-75,-86,-83,-95,-99,-103,-117,-125,-106,-177,-140,-561,-536,-982,-956,-12837,-12838,-12838,-12839,-12839,-12839,-29997,-29994,-29994,-29995,-29995,-29996,-29996,-1023]} 1. e4 {[%cal Be2e4,Be4e5][%mdl 32]} Nf6 2. e5 Nd5 3. d4 d6 4. c4 Nb6 5. exd6 exd6 6. Nc3 Nc6 7. Nf3 Bg4 8. Be2 Be7 9. O-O O-O 10. b3 Re8 11. Be3 Bf6 12. Rc1 d5 {B05: Alekhine's Defence: 4 Nf3 Bg4.} 13. cxd5 (13. c5 $5 {[%cal Rc5b6]} Nc8 14. h3 $11) 13... Nxd5 (13... Nb4 $1 $11) 14. Nxd5 $14 Qxd5 {White is slightly better.} 15. Rc5 (15. h3 $1 $14 Bd7 16. Rc5) 15... Qd6 $11 {[%cal Oc6d4] [#]} 16. d5 $146 {[#]} (16. Qc1 $1 $11) ({Predecessor:} 16. h3 Bd7 17. Qd2 Rad8 18. Rd1 b6 19. Rcc1 Nb4 20. d5 c6 21. dxc6 Qxd2 22. Rxd2 Bxc6 23. Rxd8 Rxd8 {½-½ (61) Rainfray,A (2392)-Luther,T (2575) France 2003}) 16... Rxe3 $1 $19 {[%mdl 512]} 17. Rxc6 bxc6 18. fxe3 cxd5 19. Nd4 Bd7 20. Bg4 c5 21. Nf5 Bxf5 22. Bxf5 Qe5 23. Qf3 Re8 24. Rd1 {[#]} (24. Bd7 $17 {might work better.} Qxe3+ 25. Qxe3 Rxe3 26. Rf5) 24... d4 (24... Qc3 $1 $19 {is more deadly.} 25. e4 Qb4) 25. exd4 $17 cxd4 26. Bd3 g6 27. Rf1 Kg7 28. Qc6 {[%cal Of1f6] Black must now prevent Rxf6!} Re7 29. Qa6 (29. g3 $17) 29... Bg5 {Threatens to win with ...Bf4.} 30. a4 $2 {[%mdl 8192]} (30. Qb5 $17) 30... Bf4 $19 31. g3 {[#]} Bxg3 {[%mdl 512]} 32. hxg3 (32. Qc6 Bxh2+) 32... Qxg3+ 33. Kh1 Qh4+ 34. Kg2 Re3 {( -> ...Qg4+)} 35. Rf2 Rg3+ {Black mates.} 36. Kf1 Qh1+ 37. Ke2 Re3+ 38. Kd2 Qe1+ {Weighted Error Value: White=1.17/Black=0.13 (very precise)} 0-1

[Event "V Copa Marcel Duchamp 2022"]
[Site "Montevideo"]
[Date "2022.02.14"]
[Round "4.22"]
[White "Boabaid, Jorge Alberto Duarde"]
[Black "Granara Barreto, Sebastian"]
[Result "0-1"]
[WhiteElo "1756"]
[BlackElo "2131"]
[Annotator "TA"]
[PlyCount "38"]
[EventDate "2022.02.12"]
[EventCountry "URU"]
[SourceTitle "playchess.com"]
[Source "ChessBase"]
[SourceQuality "1"]

{[%evp 19,38,5,4,0,0,-33,-31,-137,-103,-1107,-1095,-1266,-1250,-1241,-902,-1156,-887,-29991,-29992,-29992,-29993]} 1. e4 {Primel,D} c5 2. Nf3 d6 3. d4 cxd4 4. Nxd4 Nf6 5. Nc3 g6 6. Be3 Bg7 7. f3 O-O 8. Qd2 Nc6 9. O-O-O d5 10. Nxc6 bxc6 11. Bd4 {11.Bh6 is the modern continuation. B76: Sicilian Dragon: Yugoslav Attack, 9 g4 and 9 0-0-0.} dxe4 12. fxe4 {[#]} Be6 $146 {Threatens to win with ...Qa5.} ({Predecessor:} 12... Qa5 13. Bc4 Bg4 14. Rde1 Rad8 15. Qf2 Qb4 16. Bxf6 Bxf6 17. Bb3 Bxc3 18. bxc3 Qa3+ 19. Kb1 a5 20. Rhf1 Be6 21. Bxe6 fxe6 22. Qb6 Rfe8 {0-1 (22) Maleki,N (2127)-Brunner,N (2407) Issy les Moulineaux 2006 EXT 2007 [Primel,D]}) 13. Be2 {[#]} (13. Qf4 $1 $15 Qa5 14. Qe5 Qxe5 15. Bxe5) 13... Qa5 $1 $17 14. Kb1 $2 {[%mdl 8192] [#]} (14. a3 $17) 14... Nxe4 $1 $19 {[%mdl 512]} 15. Qe3 (15. Qf4 Bxd4) 15... Nxc3+ 16. Bxc3 Qxa2+ 17. Kc1 Rad8 {[%cal Ra2a1]} 18. b3 Qa3+ 19. Kb1 {[#]} Bxb3 $1 {White got outplayed after the opening.  Weighted Error Value: White=2.03/Black=0.25 (precise)} 0-1

[Event "V Copa Marcel Duchamp 2022"]
[Site "Montevideo"]
[Date "2022.02.14"]
[Round "4.23"]
[White "Guerrero, Alvaro"]
[Black "Pena Canapa, Alfredo"]
[Result "1-0"]
[WhiteElo "2123"]
[BlackElo "1841"]
[Annotator "TA"]
[PlyCount "43"]
[EventDate "2022.02.12"]
[EventCountry "URU"]
[SourceTitle "playchess.com"]
[Source "ChessBase"]
[SourceQuality "1"]

{[%evp 9,43,0,0,-4,0,-7,0,-9,8,-8,-13,-4,35,48,21,29,64,53,55,46,40,59,74,29,73,74,203,143,152,154,151,136,148,118,571,561]} 1. d4 d5 2. Nf3 Nf6 3. h3 c5 4. e3 Nc6 5. c3 cxd4 6. exd4 {D02: 1 d4 d5 2 Nf3 sidelines, including 2...Nf6 3 g3 and 2...Nf6 3 Bf4.} Bf5 7. Nbd2 h6 {[#]} 8. Nb3 $146 {The position is equal.} ({Predecessor:} 8. Be2 e6 9. O-O Bd6 10. Re1 O-O 11. Nf1 Qc7 12. Ne3 Bh7 13. Bd2 a5 14. a4 {0-1 (29) Papler,P (1622)-Monticone,S (1940) Portoroz 2016}) 8... Ne4 9. Bb5 Qc7 10. Ne5 Nd6 11. Bxc6+ bxc6 12. Bf4 $36 {[%mdl 2048] White fights for an advantage.} Qb6 13. O-O e6 14. Re1 Be7 15. Qe2 Qb5 16. g4 ({White should try} 16. Qxb5 $16 cxb5 17. a4) 16... Be4 (16... Bh7 $11 {feels stronger.}) 17. f3 $16 Bh4 18. Qxb5 cxb5 19. fxe4 Bxe1 20. Rxe1 {[#] Hoping for exd5.} Nxe4 21. Nc5 {White is more active.} f5 $2 {[%mdl 8192]} (21... g5 $16) 22. Nxe6 {Weighted Error Value: White=0.12 (very precise) /Black=0.53} 1-0

[Event "V Copa Marcel Duchamp 2022"]
[Site "Montevideo"]
[Date "2022.02.14"]
[Round "4.24"]
[White "Elena, Eduardo"]
[Black "Castro, Cesar"]
[Result "1-0"]
[WhiteElo "1712"]
[BlackElo "2097"]
[Annotator "ChessBase"]
[PlyCount "69"]
[EventDate "2022.02.12"]
[EventCountry "URU"]
[SourceTitle "playchess.com"]
[Source "ChessBase"]
[SourceQuality "1"]
[TimeControl "5400+30"]

1. e4 {[%emt 0:00:02]} c5 {[%emt 0:05:26]} 2. Nf3 {[%emt 0:00:06]} d6 {[%emt 0:00:04]} 3. d4 {[%emt 0:00:04]} cxd4 {[%emt 0:00:05]} 4. Nxd4 {[%emt 0:00:07]} Nf6 {[%emt 0:00:10]} 5. Nc3 {[%emt 0:00:06]} a6 {[%emt 0:00:03]} 6. Bg5 {[%emt 0:00:05]} e6 {[%emt 0:00:11]} 7. f4 {[%emt 0:00:38]} Be7 {[%emt 0:00:33]} 8. Qf3 {[%emt 0:00:05]} Nbd7 {[%emt 0:00:07]} 9. O-O-O {[%emt 0:00:13]} Qc7 {[%emt 0:00:15]} 10. Kb1 {[%emt 0:00:31]} Rb8 {[%emt 0:04:20]} 11. Bd3 {[%emt 0:08:30]} h6 {[%emt 0:01:38]} 12. Bxf6 Bxf6 {[%emt 0:02:26]} 13. Nce2 {[%emt 0:09:51]} b5 {[%emt 0:02:46]} 14. g4 {[%emt 0:06:35]} Qb6 {[%emt 0:01:05]} 15. Nb3 {[%emt 0:02:19]} a5 {[%emt 0:02:25]} 16. h4 {[%emt 0:02:15]} a4 {[%emt 0:00:11]} 17. Nd2 {[%emt 0:07:48]} Nc5 {[%emt 0:00:58]} 18. g5 {[%emt 0:01:11]} Be7 {[%emt 0:03:48]} 19. Ng3 {[%emt 0:12:39]} a3 {[%emt 0:03:06]} 20. b3 {[%emt 0:00:57]} Na4 {[%emt 0:01:54]} 21. Ne2 {[%emt 0:01:28]} Bd7 {[%emt 0:01:22]} 22. c4 {[%emt 0:04:26]} Qa5 {[%emt 0:05:33]} 23. cxb5 {[%emt 0:08:23]} Qb4 {[%emt 0:32:22]} 24. Qe3 {[%emt 0:07:31]} hxg5 {[%emt 0:03:28]} 25. Qa7 {[%emt 0:02:50]} Rxb5 {[%emt 0:02:20]} 26. Bxb5 {[%emt 0:03:20]} Bxb5 {[%emt 0:00:04]} 27. Qb8+ {[%emt 0:01:34]} Bd8 {[%emt 0:00:19]} 28. Nc4 {[%emt 0:00:26]} O-O {[%emt 0:01:14]} 29. Qxd6 {[%emt 0:00:50]} Nc3+ 30. Nxc3 {[%emt 0:01:32]} Qxc3 {[%emt 0:03:55]} 31. hxg5 Bxc4 {[%emt 0:06:02]} 32. Rh8+ {[%emt 0:05:52]} Kxh8 {[%emt 0:00:03]} 33. Qxf8+ {[%emt 0:00:04]} Kh7 {[%emt 0:00:04]} 34. Rh1+ {[%emt 0:00:08]} Kg6 {[%emt 0:00:03]} 35. Rh6+ {[%emt 0:00:03]} 1-0

[Event "V Copa Marcel Duchamp 2022"]
[Site "Montevideo"]
[Date "2022.02.14"]
[Round "4.25"]
[White "Brizzi, Milagros Tatiana"]
[Black "Visillac, Alejandro"]
[Result "1-0"]
[WhiteElo "2063"]
[BlackElo "1814"]
[Annotator "ChessBase"]
[PlyCount "71"]
[EventDate "2022.02.12"]
[EventCountry "URU"]
[SourceTitle "playchess.com"]
[Source "ChessBase"]
[SourceQuality "1"]
[TimeControl "5400+30"]

1. e4 {[%emt 0:00:05]} e6 {[%emt 0:04:26]} 2. d4 {[%emt 0:00:14]} d5 {[%emt 0:00:08]} 3. Nc3 {[%emt 0:00:13]} Bb4 {[%emt 0:01:21]} 4. e5 {[%emt 0:00:32]} c5 {[%emt 0:00:23]} 5. a3 {[%emt 0:00:15]} Bxc3+ {[%emt 0:00:17]} 6. bxc3 {[%emt 0:00:10]} Nc6 {[%emt 0:00:46]} 7. Qg4 {[%emt 0:01:50]} Nge7 {[%emt 0:05:02]} 8. Qxg7 {[%emt 0:01:22]} Rg8 {[%emt 0:00:11]} 9. Qxh7 {[%emt 0:00:08]} cxd4 {[%emt 0:00:07]} 10. Nf3 {[%emt 0:01:04]} Qc7 {[%emt 0:02:40]} 11. Bf4 {[%emt 0:00:28]} Bd7 {[%emt 0:03:22]} 12. h4 {[%emt 0:06:40]} O-O-O {[%emt 0:02:27]} 13. Qd3 {[%emt 0:15:53]} Ng6 {[%emt 0:04:33]} 14. Bg3 {[%emt 0:03:43]} Qa5 {[%emt 0:00:10]} 15. h5 {[%emt 0:01:54]} Rh8 {[%emt 0:00:10]} 16. Rh3 {[%emt 0:02:44]} Nge7 {[%emt 0:01:04]} 17. Nxd4 {[%emt 0:01:30]} Nxd4 {[%emt 0:00:36]} 18. Qxd4 {[%emt 0:00:09]} Nc6 {[%emt 0:05:08]} 19. Qd2 {[%emt 0:01:12]} Qc5 {[%emt 0:02:54]} 20. f4 {[%emt 0:04:35]} Rdg8 {[%emt 0:05:22]} 21. Bf2 {[%emt 0:03:58]} Qf8 {[%emt 0:04:29]} 22. Bd4 {[%emt 0:03:49]} Qg7 {[%emt 0:01:06]} 23. O-O-O {[%emt 0:02:45]} Qg4 {[%emt 0:02:50]} 24. h6 {[%emt 0:00:25]} Qg6 {[%emt 0:00:35]} 25. h7 {[%emt 0:01:25]} Rg7 {[%emt 0:00:19]} 26. Bd3 {[%emt 0:00:15]} Qxg2 {[%emt 0:01:32]} 27. Qxg2 {[%emt 0:00:06]} Rxg2 {[%emt 0:00:07]} 28. Rg1 {[%emt 0:00:10]} Rxg1+ {[%emt 0:00:15]} 29. Bxg1 {[%emt 0:00:06]} Ne7 {[%emt 0:00:20]} 30. Rh6 b5 {[%emt 0:08:01]} 31. Bf2 {[%emt 0:04:30]} d4 {[%emt 0:00:06]} 32. Bh4 {[%emt 0:02:08]} Nd5 {[%emt 0:02:58]} 33. c4 {[%emt 0:00:17]} bxc4 {[%emt 0:00:39]} 34. Bxc4 {[%emt 0:00:04]} Ne3 {[%emt 0:00:13]} 35. Ba6+ {[%emt 0:00:32]} Kc7 {[%emt 0:01:55]} 36. Bf6 {[%emt 0:00:08]} 1-0

[Event "V Copa Marcel Duchamp 2022"]
[Site "Montevideo"]
[Date "2022.02.14"]
[Round "4.26"]
[White "Migens Romero, Juan"]
[Black "Pichuaga, Juan Pablo"]
[Result "1/2-1/2"]
[WhiteElo "2097"]
[BlackElo "2030"]
[Annotator "ChessBase"]
[PlyCount "33"]
[EventDate "2022.02.12"]
[EventCountry "URU"]
[SourceTitle "playchess.com"]
[Source "ChessBase"]
[SourceQuality "1"]
[TimeControl "5400+30"]

1. e4 {[%emt 0:13:13]} e6 {[%emt 0:02:42]} 2. d4 {[%emt 0:00:22]} d5 {[%emt 0:00:04]} 3. Nd2 {[%emt 0:00:38]} Nf6 {[%emt 0:00:46]} 4. e5 {[%emt 0:00:26]} Nfd7 {[%emt 0:00:05]} 5. Bd3 {[%emt 0:00:20]} c5 {[%emt 0:00:06]} 6. c3 {[%emt 0:00:11]} Nc6 {[%emt 0:00:05]} 7. Ne2 {[%emt 0:00:15]} Qc7 {[%emt 0:00:42]} 8. Nf3 {[%emt 0:05:46]} c4 {[%emt 0:01:16]} 9. Bc2 {[%emt 0:00:08]} Nb6 {[%emt 0:00:12]} 10. b4 {[%emt 0:00:49]} Bd7 {[%emt 0:00:51]} 11. a4 {[%emt 0:00:58]} O-O-O {[%emt 0:00:35]} 12. Ng5 {[%emt 0:06:58]} Be8 {[%emt 0:02:20]} 13. Nxh7 {[%emt 0:00:38]} Be7 {[%emt 0:00:59]} 14. Ng5 {[%emt 0:03:36]} Rh5 {[%emt 0:22:32]} 15. h4 {[%emt 0:05:48]} Rh8 {[%emt 0:07:40]} 16. Be3 {[%emt 0:07:19]} a5 {[%emt 0:09:08]} 17. b5 {[%emt 0:12:33]} 1/2-1/2

[Event "V Copa Marcel Duchamp 2022"]
[Site "Montevideo"]
[Date "2022.02.14"]
[Round "4.30"]
[White "Siddeley, Hugh"]
[Black "De la Torre, Andres"]
[Result "1-0"]
[WhiteElo "2000"]
[BlackElo "1680"]
[Annotator "ChessBase"]
[PlyCount "73"]
[EventDate "2022.02.12"]
[EventCountry "URU"]
[SourceTitle "playchess.com"]
[Source "ChessBase"]
[SourceQuality "1"]
[TimeControl "5400+30"]

1. d4 {[%emt 0:00:03]} Nf6 {[%emt 0:00:11]} 2. c4 {[%emt 0:00:04]} g6 {[%emt 0:00:06]} 3. Nc3 {[%emt 0:00:05]} Bg7 {[%emt 0:00:08]} 4. e4 {[%emt 0:00:04]} d6 {[%emt 0:00:07]} 5. f3 {[%emt 0:00:05]} O-O {[%emt 0:00:49]} 6. Bg5 {[%emt 0:00:03]} Nc6 {[%emt 0:01:27]} 7. d5 {[%emt 0:08:19]} Nb4 {[%emt 0:02:05]} 8. Nge2 {[%emt 0:04:57]} h6 {[%emt 0:05:35]} 9. Be3 {[%emt 0:00:23]} e6 {[%emt 0:02:22]} 10. Qd2 {[%emt 0:01:02]} exd5 {[%emt 0:02:50]} 11. cxd5 {[%emt 0:00:12]} Re8 {[%emt 0:01:43]} 12. O-O-O {[%emt 0:07:08]} c5 {[%emt 0:04:21]} 13. a3 {[%emt 0:06:21]} a5 {[%emt 0:10:44]} 14. Kb1 {[%emt 0:07:55]} Bd7 {[%emt 0:11:07]} 15. Bxh6 {[%emt 0:17:02]} Na6 {[%emt 0:18:29]} 16. Ng3 {[%emt 0:02:40]} b5 {[%emt 0:02:23]} 17. Nxb5 {[%emt 0:01:26]} Qb8 {[%emt 0:03:26]} 18. a4 {[%emt 0:00:55]} Nb4 {[%emt 0:01:24]} 19. Bxg7 {[%emt 0:03:37]} Kxg7 {[%emt 0:01:38]} 20. h4 {[%emt 0:00:00]} Re5 {[%emt 0:05:26]} 21. Bc4 {[%emt 0:09:35]} Bxb5 {[%emt 0:04:08]} 22. Bxb5 {[%emt 0:00:27]} Qh8 {[%emt 0:02:17]} 23. Nf1 {[%emt 0:06:12]} Rc8 {[%emt 0:01:18]} 24. b3 {[%emt 0:00:34]} Kf8 {[%emt 0:01:28]} 25. Ne3 {[%emt 0:00:26]} Nxe4 {[%emt 0:03:16]} 26. fxe4 {[%emt 0:00:10]} Rxe4 {[%emt 0:00:09]} 27. Nc4 {[%emt 0:05:50]} Rd4 {[%emt 0:01:15]} 28. Qb2 {[%emt 0:02:52]} Nxd5 {[%emt 0:00:51]} 29. Rxd4 {[%emt 0:02:11]} cxd4 {[%emt 0:00:15]} 30. Ka2 {[%emt 0:06:15]} Nc3+ {[%emt 0:01:56]} 31. Ka1 {[%emt 0:01:41]} d5 {[%emt 0:02:19]} 32. Nxa5 {[%emt 0:00:19]} g5 {[%emt 0:01:45]} 33. h5 {[%emt 0:00:52]} Qh7 {[%emt 0:00:11]} 34. Bc6 {[%emt 0:02:02]} Qe4 {[%emt 0:01:32]} 35. h6 {[%emt 0:00:47]} Ke7 {[%emt 0:02:25]} 36. Qd2 {[%emt 0:00:48]} d3 {[%emt 0:01:31]} 37. Qxc3 {[%emt 0:00:18]} 1-0

[Event "V Copa Marcel Duchamp 2022"]
[Site "Montevideo"]
[Date "2022.02.14"]
[Round "4.31"]
[White "Castagnet, Carlos"]
[Black "Meza, Anahi"]
[Result "0-1"]
[WhiteElo "1641"]
[BlackElo "1996"]
[Annotator "ChessBase"]
[PlyCount "86"]
[EventDate "2022.02.12"]
[EventCountry "URU"]
[SourceTitle "playchess.com"]
[Source "ChessBase"]
[SourceQuality "1"]
[TimeControl "5400+30"]

1. d4 {[%emt 0:00:21]} Nf6 {[%emt 0:00:08]} 2. c4 {[%emt 0:00:20]} g6 {[%emt 0:00:12]} 3. Nf3 {[%emt 0:00:31]} Bg7 {[%emt 0:00:08]} 4. Nc3 {[%emt 0:00:24]} O-O {[%emt 0:00:05]} 5. Bf4 {[%emt 0:01:37]} d6 {[%emt 0:01:34]} 6. Qd2 {[%emt 0:00:49]} Re8 {[%emt 0:04:44]} 7. Bh6 {[%emt 0:04:43]} Bh8 {[%emt 0:00:27]} 8. e4 {[%emt 0:00:07]} c5 {[%emt 0:03:46]} 9. d5 {[%emt 0:10:23]} e6 {[%emt 0:01:25]} 10. Be2 {[%emt 0:00:21]} exd5 {[%emt 0:01:25]} 11. exd5 {[%emt 0:01:01]} Bf5 {[%emt 0:02:59]} 12. O-O {[%emt 0:00:42]} Nbd7 {[%emt 0:02:42]} 13. Rfe1 {[%emt 0:02:31]} Ng4 {[%emt 0:11:37]} 14. Bf4 {[%emt 0:03:32]} Nge5 {[%emt 0:00:20]} 15. Nb5 {[%emt 0:05:31]} Nxf3+ {[%emt 0:02:31]} 16. Bxf3 {[%emt 0:03:22]} Ne5 {[%emt 0:00:25]} 17. Be2 {[%emt 0:02:16]} Qb6 18. h3 {[%emt 0:00:48]} Rad8 {[%emt 0:05:44]} 19. g4 {[%emt 0:00:30]} Bc8 20. Kg2 f5 {[%emt 0:09:50]} 21. g5 {[%emt 0:11:42]} a6 {[%emt 0:00:25]} 22. Nc3 {[%emt 0:01:10]} Qb4 {[%emt 0:00:23]} 23. Bxe5 {[%emt 0:08:05]} Bxe5 {[%emt 0:03:29]} 24. f4 {[%emt 0:00:08]} Bg7 {[%emt 0:01:12]} 25. Bd3 {[%emt 0:00:29]} Bd7 {[%emt 0:01:02]} 26. Rac1 {[%emt 0:06:29]} b5 {[%emt 0:01:59]} 27. b3 {[%emt 0:00:03]} Rxe1 {[%emt 0:02:17]} 28. Qxe1 {[%emt 0:00:04]} Re8 {[%emt 0:00:20]} 29. Qd2 {[%emt 0:00:07]} Bd4 {[%emt 0:03:37]} 30. Nb1 {[%emt 0:01:00]} Qxd2+ {[%emt 0:01:12]} 31. Nxd2 {[%emt 0:00:03]} Be3 {[%emt 0:00:43]} 32. Rc2 {[%emt 0:03:03]} Bxf4 {[%emt 0:00:12]} 33. Nf3 {[%emt 0:01:49]} Kf7 {[%emt 0:06:13]} 34. Re2 {[%emt 0:01:35]} Rb8 {[%emt 0:02:06]} 35. h4 {[%emt 0:00:50]} bxc4 {[%emt 0:00:24]} 36. Bxc4 {[%emt 0:01:11]} Bb5 {[%emt 0:01:17]} 37. Rc2 {[%emt 0:05:34]} Re8 {[%emt 0:01:04]} 38. a4 {[%emt 0:03:06]} Bxc4 {[%emt 0:00:08]} 39. Rxc4 {[%emt 0:00:02]} Re2+ {[%emt 0:02:06]} 40. Kf1 {[%emt 0:00:46]} Re4 {[%emt 0:00:05]} 41. Kg2 {[%emt 0:01:14]} Be5 {[%emt 0:03:52]} 42. Rxe4 {[%emt 0:00:04]} fxe4 {[%emt 0:00:07]} 43. Nxe5+ {[%emt 0:00:02]} dxe5 {[%emt 0:00:02]} 0-1